000
00198nam a2200085 4500
001
1256318
005
20251225161632.0
245
_a
YANKILI KAYALAR
_c
AHMET YILMAZ BOYUNAĞA
260
_b
TİMAŞ YAYINLARI
999
_c
1256318
_d
1256318